| 000 | 00457nam a2200157Ia 4500 | ||
|---|---|---|---|
| 005 | 20260601193255.0 | ||
| 008 | 260601s9999||||xx |||||||||||||| ||und|| | ||
| 020 |
_a978-3-031-66638-4 _qebk |
||
| 100 | _aJoshua Crotts | ||
| 245 | 0 | _aLearning Java | |
| 250 | _a2024 | ||
| 260 |
_aHeidelberg, Germany _bSpringer Nature _c2024 |
||
| 650 | _aComputer Science | ||
| 856 | _uhttps://link.springer.com/openurl?genre=book&isbn=978-3-031-66638-4 | ||
| 942 |
_cEB _2ddc |
||
| 999 |
_c56831 _d56831 |
||